000 00489nam a2200181Ia 4500
005 20250508151111.0
008 008 250505s9999 xx 000 0 eng d
037 _aTextual
040 _aFEDL
_beng
_cFEDL
041 _aeng
_2eng
084 _a770.2838, FRE
_qFEDL
100 _aFrerk F W
_9758421
245 0 _aAll about improving negatives
260 _aLondon, UK
_bThe Focal Press
300 _a56p.
942 _cTEXL
_h770.2838, FRE
999 _c1327577
_d1327577